Database Management System(DBMS):[A Practical approach]/ (Record no. 189222)

MARC details
000 -LEADER
fixed length control field 00563nam a22001697a 4500
005 - DATE AND TIME OF LATEST TRANSACTION
control field 20220623101912.0
010 ## - LCCN (DPL NO)
LC control number Rohit
020 ## - INTERNATIONAL STANDARD BOOK NUMBER
International Standard Book Number 8121932459
Terms of availability 400.00
037 ## - SOURCE OF ACQUISITION
Source of stock number/acquisition S.Chand & Company PVT.LTD
100 ## - MAIN ENTRY--PERSONAL NAME
Personal name Chopra, Rajiv
245 ## - TITLE STATEMENT
Title Database Management System(DBMS):[A Practical approach]/
Statement of responsibility, etc Rajiv Chopra
Medium English
260 ## - PUBLICATION, DISTRIBUTION, ETC. (IMPRINT)
Place of publication, distribution, etc New Delhi
Name of publisher, distributor, etc S.Chand
Date of publication, distribution, etc 2014
270 ## - ADDRESS
Address S.Chand & Company PVT.LTD Ram Nagar, New Delhi
City New Delhi
Postal code 110055
300 ## - PHYSICAL DESCRIPTION
Extent xvi,803p.
Other physical details ill
Dimensions 24cm(Pb)
500 ## - GENERAL NOTE
General note Appendix-F Biblography
942 ## - ADDED ENTRY ELEMENTS (KOHA)
Source of classification or shelving scheme Dewey Decimal Classification
Item type English Books
Edition Fourth Edition
Call number prefix CHO

No items available.


© Delhi Public Library
Hit Counter
free hit counter